Регионална библиотека "Любен Каравелов" - Русе

Две съдби - Измама (Запис номер 84965)

MARC детайли
000 -Лидер
Контролно поле с фиксирана дължина 01263nam a2200313 c 4500
003 - Код на организацията, давaща контролен номер
Контролно поле BLK
005 - Дата и час на последна редакция
Контролно поле 20220928180313.0
008 - Елементи от данни с фиксирана дължина
fixed length control field 180408b bul|||||r ||||||| ||bul||
010 ## - Наследен системен номер
LC control number KNG00089560000
020 ## - Международен стандартен номер на книга ISBN
Международен стандартен номер на книга ISBN 978-954-409-289-4
-- издат.: Плеяда
040 ## - Източник на каталожния запис
Идентификатор на билиотеката - собственик на записа BLK
041 ## - Код за език
Код за езика на текст/звукозапис или на отделно заглавие Български
Код за езика КДБФ Български
080 ## - УДК
Текстов определител УДК Руска литература
УДК код - определител по УДК 821.161.1
УДК определител -31
УДК - код + определител 821.161.1-31
100 1# - Редна дума - Автор
Автор Малков, Семьон Наумович
Авторска отговорност първи автор
R(LIN) 299431
139 ## - Редно поле
Редна дума Малков, Семьон Наумович
Авторски знак Малк - М 23
245 10 - Сведения за заглавието
Заглавие Две съдби - Измама
Подзаглавни данни Роман
Редно поле (дума) Семьон Наумович Малков; прев. от рус. Любомир Чолаков.
257 ## - Страна на издаване
Страна на създаване/издаване Русия
260 ## - Област на издателските данни
-- София
Име на издателя, разпространителя и проч. Плеяда
Година на издаване 2009
Печатница София : Петекстон
300 ## - Физическа характеристика
Страници 320 с.
Размери/Мащаб 20 см
380 ## - Жанр
Жанр Худож. лит.
500 ## - Общи забележки
Забележка Ориг. загл. Две судьбы. Обман / С. Мальков. - Офс. изд. Кн. 6 от сагата Две съдби.
653 ## - Ключова дума – ненормативна
Ключова дума романи
700 1# - Други автори (авторска отговорност)
Лично име Чолаков, Любомир
Автороска отговорност (Описва отношението между автора и произведението) прев. от рус.
9 (RLIN) 366573
852 ## - Местоположение
Форматна сигнатура Цб 240523
856 4# - Електронен адрес и достъп
Електронен формат pdf - файл
Път до файла /url/
856 4# - Електронен адрес и достъп
Електронен формат pdf - файл
Път до файла /url/
942 ## - АРТИКУЛИ
Вид на библиотечния материал Книги
Скрит в OPAC Не
Koha issues (borrowed), all copies 14
944 ## - СЪЗДАВАНЕ И РЕДАКЦИЯ на ЗАПИСА
Създаване/Редакция Създаване
Дата на регистрацията/редакция 19.05.2009
Статус, дата на статуса ф /
Служител, извършил регистрацията/редакцията Валя_Йорданова
944 ## - СЪЗДАВАНЕ И РЕДАКЦИЯ на ЗАПИСА
Създаване/Редакция Редакция
Дата на регистрацията/редакция 07.02.2011
Статус, дата на статуса ф /
Служител, извършил регистрацията/редакцията
999 ## - СИСТЕМНИ КОНТРОЛНИ НОМЕРА
Koha biblionumber 84965
Koha biblioitemnumber 84965
Наличности
Код за отписване Код за изгубен артикул Източник на класификационната схема Код за повреда Коз за рестрикции Код за отдаване Артикулен № Име на библиотеката - собственик Име на библиотеката, в която се намира в момента Статус (Текущо местоположение) Дата на вписване в системата Местоположение - отдел Цена в лева Инвентарен номер Систематично азбучна сигнатура Баркод Номер на екземпляра Цена в евро Служебна бележка Служебен тип на артикула
  Не е изгубен Universal Decimal Classification Не е повреден без рестрикции заемане за дома 137824 Регионална библиотека "Любен Каравелов" Русе Регионална библиотека "Любен Каравелов" Русе Заемна - подръчен фонд 2009-05-19 Заемна - подръчен фонд 12.00 120000735703 П 882-31/М 23 120000735703 1 6.14 Дост: Pk Вид: Ф N: 40 Дата: 19.05.2009 Дата инв: 12.02.2018 Бележки инв: П2018 Книги
Изтеглен Не е изгубен Universal Decimal Classification Не е повреден без рестрикции заемане за дома 137825 Регионална библиотека "Любен Каравелов" Русе Регионална библиотека "Любен Каравелов" Русе Заемна - подръчен фонд 2009-05-19 Заемна - подръчен фонд 12.00 120000735704 П 882-31/М 23 120000735704 2 6.14 Дост: Pk Вид: Ф N: 40 Дата: 19.05.2009 Книги
  Не е изгубен Universal Decimal Classification Не е повреден без рестрикции заемане за дома 137826 Регионална библиотека "Любен Каравелов" Русе Регионална библиотека "Любен Каравелов" Русе Заемна - подръчен фонд 2009-05-19 Заемна - подръчен фонд 12.00 120000735705 П 882-31/М 23 120000735705 3 6.14 Дост: Pk Вид: Ф N: 40 Дата: 19.05.2009 Дата инв: 07.03.2018 Бележки инв: П2018 Книги
  Не е изгубен   Не е повреден без рестрикции ползва се в читалня 137827 Регионална библиотека "Любен Каравелов" Русе Регионална библиотека "Любен Каравелов" Русе Хранилище 2011-02-07 Хранилище 12.00 120000749001 Цб 240523 120000749001 4 6.14 Дост: Dp Вид: Д N: 20 Дата: 19.05.2010 Книги
Vip Innovations Ltd, Rousse, Bulgaria 2025